00866 2200313 4500001002100000005001500021035002000036007000300056008004100059020002200100040001200122082001600134084001800150090002100168100002200189245010900211250002000320260002700340300003800367650002100405700001000426700000900436850001200445041000800457504003300465990001800498990001800516990001800534INLIS00000000081672820180907094614 a0010-0918000163ta180905s2016 a g ind d a978-602-288-297-8 aYOPDYOG04223a332.024 a332.024 FAJ p aPK 332.024 FAJ p0 aFajar Nur'aini DF1 aPintar mengelola gaji agar tidak habis sia-sia /cFajar Nur'aini DF; penyunting, Mirna; ilustrator, Very aCetakan pertama aBantul :bKobis,c2016 a184 halaman :bilustrasi ;c20 cm 4aKenangan pribadi0 aMirna0 aVery aYOPDYOG0 aind aBibliografi: halaman 181-182 a34330-PD/B.18 a34331-PD/B.18 a34332-PD/B.18